| 000 | 00425nam a2200157Ia 4500 | ||
|---|---|---|---|
| 003 | GCL | ||
| 008 | 140319s9999 xx 000 0 eng d | ||
| 040 |
_aGCL / _cGCL |
||
| 082 | 0 | 4 |
_a620.110.92 _bR M |
| 100 | 1 | _aRAG, HAVAN V | |
| 245 | 1 | 0 |
_aMATERIALS SCIENCE AND ENGINEERING / _cRAG, HAVAN V |
| 260 |
_a[S.N] : _bPRENTICE HALL OF INDIA |
||
| 650 | 0 | 4 | _aMATERIALS SCIENCE |
| 650 | 0 | 4 | _aMATERIALS ENGINEERING |
| 942 |
_2ddc _cBK |
||
| 999 |
_c15289 _d15289 |
||